00743nam a22002057a 4500003000900000008004100009020000900050040007100059082001800130100001800148245010300166260002900269300002600298505006300324650002300387650003500410650002900445650003300474700003000507AR-CdUCM190228b ||||| |||| 00| 0 esp d aISBN aMUNICIPALIDAD PROVINCIAL DEL CUSCOcBIBLIOTECA MUNICIPAL DEL CUSCO a869.56 /bZ69 aZilbert, Omar aAzul y frío :bpoesía de niños y adolescentes /cOmar Zilbert ; dibujos de Héctor Bejar R. aLima ;bSimiente,c1959. a124 paginas ;c22 cm. aConversación segunda -- Niños en la noche -- Magia ... aPoesías peruanas aPoesías infantiles peruanas. aPoesía contemporánea aSiglo XX - Poesía - Perú aBéjar Rivera, Héctor,